000 00528nam a22001697a 4500
999 _c9068
_d9068
008 210322b ||||| |||| 00| 0 eng d
040 _aBMS College of Architecture
100 _aJalan, Sakhi
245 _aInformation technology campus Bangalore walk to work
300 _aNA
500 _a1BM07AT041
502 _8B.Arch
_NBMS College of Architecture, Visvesvaraya Technological University
_aProject report
_d2012
650 _aCampus
700 _aShobha M N
_eGuide
700 _aK R Madhu Chand
_eGuide
942 _2ddc
_cTHE